000 00870nam a2200229 4500
005 20160901124554.0
008 140313t2001 gw |||||r|||| 00| 0 eng d
040 _aCO-BoIAVH
_cCO-BoIAVH
041 0 _aeng
044 _agx
082 0 4 _a576.5
_bA44s
100 1 _aAlmekinders, Conny
_eautor
245 1 0 _aSimiliarities and differences between plant and animal genetic resource management and conclusions for technical co-operation /
_cConny Almekinderrs y Ilse Köhler-Rollefson
260 _aEschborn (Alemania) :
_bGTZ,
_c2001.
300 _a18 páginas ;
_c29 x 21 cm.
504 _aIncluye referencias bibliográficas.
650 2 4 _aGenética vegetal
_xadministración
650 2 6 _aOrdenación de recursos
650 2 6 _aGenética animal
_xadministración
700 4 _aKöhler Rollefson, Ilse
_eautor
942 _cLIBRO
_2ddc
999 _c4046
_d4046